000
00233 a2200109 4500
001
71107
040
_c
Anchieta - Colégio São Paulo
240
1
0
_a
Winter
_l
por
245
1
0
_a
Winter
650
4
_a
Literatura infanto-juvenil
942
_c
MX
999
_c
71107
_d
71107